|
|
|
|
| LEADER |
01601nam a2200385 a 4500 |
| 001 |
31532 |
| 003 |
BD-DhAAL |
| 005 |
20211220123008.0 |
| 008 |
161215s2012 enk b 001 0 eng c |
| 999 |
|
|
|c 37899
|d 37899
|
| 010 |
|
|
|a 2012471357
|
| 020 |
|
|
|a 9781849463676 (pbk.)
|
| 020 |
|
|
|a 1849463670 (pbk.)
|
| 040 |
|
|
|a UKMGB
|c UKMGB
|d CDX
|d UV0
|d YDXCP
|d BWK
|d YNK
|d RCJ
|d UOH
|d YLS
|d GWL
|d BWX
|d OCLCQ
|d DLC
|d BD-DhAAL
|
| 050 |
0 |
0 |
|a KD400
|b .O83 2012
|
| 082 |
0 |
0 |
|a 340
|
| 245 |
0 |
0 |
|a OSCOLA :
|b Oxford University Standard for the Citation of Legal Authorities /
|c [edited by Donal Nolan, Sandra Meredith].
|
| 246 |
3 |
0 |
|a Oxford University Standard for the Citation of Legal Authorities
|
| 250 |
|
|
|a Forth edition
|
| 260 |
|
|
|a [Oxford? ;
|a Portland, Or.?] :
|b [Hart Pub.],
|c [2012]
|
| 300 |
|
|
|a 54 pages ;
|c 24 cm.
|
| 500 |
|
|
|a "Faculty of Law, University of Oxford."
|
| 504 |
|
|
|a Includes bibliographical references and index.
|
| 526 |
|
|
|a SoL
|
| 541 |
|
|
|e 31532
|
| 650 |
|
0 |
|a Citation of legal authorities
|z Great Britain.
|9 20825
|
| 650 |
|
0 |
|a Legal composition.
|9 20826
|
| 650 |
|
0 |
|a Law.
|9 43152
|
| 700 |
1 |
|
|a Nolan, Donal.
|9 20827
|
| 700 |
1 |
|
|a Meredith, Sandra.
|9 20828
|
| 710 |
2 |
|
|a University of Oxford.
|b Faculty of Law.
|9 20829
|
| 852 |
|
|
|a Ayesha Abed Library
|c General Stacks
|
| 856 |
4 |
1 |
|3 Table of contents only
|u http://www.loc.gov/catdir/toc/fy13pdf01/2012471357.html
|
| 942 |
|
|
|2 ddc
|c BK
|
| 952 |
|
|
|0 0
|1 0
|2 ddc
|4 0
|6 340_000000000000000_OSC
|7 0
|9 59882
|a BRACUL
|b BRACUL
|c GEN
|d 2016-12-10
|e Karim International
|g 1190.00
|l 9
|m 40
|o 340 OSC
|p 3010031532
|r 2026-01-07
|s 2025-12-29
|t 1
|v 1190.00
|w 2016-12-10
|y BK
|